000 00674nam a2200193Ia 4500
008 151121s9999||||xx |||||||||||||| ||und||
082 _a910 / भुर्के
082 _bHNW-76651
100 _aभुर्के श्याम
245 _aमुक्काम पोस्ट सोलापूर
260 _b"कोठे, सोलापूर"
260 _c--
300 _a109
600 _aभुर्के श्याम
630 _aमुक्काम पोस्ट सोलापूर
700 _aभुर्के श्याम
730 _aमुक्काम पोस्ट सोलापूर
942 _cBOOK
999 _c1258074
_d1258071